[Event "FRA-chT2 0405"]
[Site "France"]
[Date "2005.02.06"]
[Round "7.6"]
[White "Joubert, Franck"]
[Black "Dinet, Leopold"]
[Result "0-1"]
[WhiteElo "2127"]
[BlackElo "1850"]
[PlyCount "66"]
[EventDate "2004.10.10"]
[EventType "team-tourn"]
[EventRounds "11"]
[EventCountry "FRA"]
[SourceTitle "EXT 2006"]
[Source "ChessBase"]
[SourceDate "2005.11.24"]
[SourceVersion "1"]
[SourceVersionDate "2005.11.24"]
[SourceQuality "1"]
[WhiteTeam "Evry II"]
[BlackTeam "Poitiers"]
[WhiteTeamCountry "FRA"]
[BlackTeamCountry "FRA"]

1. d4 d5 2. Nf3 Nf6 3. c4 c6 4. e3 Bf5 5. cxd5 cxd5 6. Qb3 Qc7 7. Nc3 e6 8. Bd2 Be7 9. Nb5 Qb6 10. Bb4 Nc6 11. Bxe7 Nxe7 12. Qa3 Ne4 13. Nh4 0-0 14. f3 Rac8 15. fxe4 Bxe4 16. Qxa7 Qd8 17. Nf3 Nf5 18. Qa3 Bxf3 19. gxf3 Qh4+ 20. Kd1 Qf2 21. Be2 Nxe3+ 22. Qxe3 Qxe3 23. Rf1 Rc6 24. Nc3 Rfc8 25. Rc1 Qxd4+ 26. Ke1 Qe3 27. Rd1 d4 28. Rd3 Qf4 29. Nd1 e5 30. Rb3 Rc2 31. Rf2 g6 32. Rxb7 Qd2+ 33. Kf1 d3 0-1

[Event "FRA-chT2 0405"]
[Site "France"]
[Date "2005.01.08"]
[Round "5.8"]
[White "Bremond, Edouard"]
[Black "Joubert, Franck"]
[Result "0-1"]
[WhiteElo "1530"]
[BlackElo "2127"]
[PlyCount "62"]
[EventDate "2004.10.10"]
[EventType "team-tourn"]
[EventRounds "11"]
[EventCountry "FRA"]
[SourceTitle "EXT 2006"]
[Source "ChessBase"]
[SourceDate "2005.11.24"]
[SourceVersion "1"]
[SourceVersionDate "2005.11.24"]
[SourceQuality "1"]
[WhiteTeam "Brest"]
[BlackTeam "Evry II"]
[WhiteTeamCountry "FRA"]
[BlackTeamCountry "FRA"]

1. e4 e6 2. d4 d5 3. e5 c5 4. c3 Nc6 5. Nf3 Bd7 6. Be3 cxd4 7. cxd4 f6 8. Be2 fxe5 9. Nxe5 Nxe5 10. dxe5 Qc7 11. Qd4 Ne7 12. Qc3 Nc6 13. 0-0 Qxe5 14. Qxe5 Nxe5 15. Nc3 a6 16. Rac1 Bd6 17. Bd4 0-0 18. a3 Rac8 19. Rfe1 g6 20. b4 Nc4 21. Bxc4 Rxc4 22. Red1 Rfc8 23. Rd3 e5 24. Bb6 d4 25. Rdd1 Rxc3 26. Rb1 Ba4 27. Re1 Rxa3 28. h3 d3 29. Be3 Bc2 30. Rbc1 Bxb4 31. Rf1 d2 0-1

[Event "Avoine op 18th"]
[Site "Avoine"]
[Date "2003.07.21"]
[Round "3"]
[White "Joubert, Franck"]
[Black "Olarasu, Gabriela"]
[Result "0-1"]
[WhiteElo "2125"]
[BlackElo "2305"]
[PlyCount "90"]
[EventDate "2003.07.19"]
[EventType "swiss"]
[EventRounds "9"]
[EventCountry "FRA"]
[SourceTitle "CBM 095 Extra"]
[Source "ChessBase"]
[SourceDate "2003.09.04"]
[SourceVersion "1"]
[SourceVersionDate "2003.09.04"]
[SourceQuality "1"]

1. d4 e6 2. e4 b6 3. Bd3 Bb7 4. Nf3 c5 5. c3 Nf6 6. Qe2 d5 7. e5 Nfd7 8. 0-0 Be7 9. a3 a5 10. b3 Ba6 11. Nbd2 Bxd3 12. Qxd3 0-0 13. Ne1 Nc6 14. f4 cxd4 15. cxd4 Nxd4 16. Bb2 Nc6 17. Qh3 Bc5+ 18. Kh1 Bd4 19. Bxd4 Nxd4 20. g4 f6 21. Qe3 fxe5 22. fxe5 Rxf1+ 23. Nxf1 Nc6 24. Nd3 Qe7 25. Rc1 Rc8 26. b4 axb4 27. axb4 Qe8 28. Ng3 Ne7 29. Rf1 Ng6 30. Ne2 Rc4 31. h3 Ndxe5 32. Nxe5 Re4 33. Qc3 Nxe5 34. Ng3 d4 35. Qc7 Re3 36. Nh5 Qc6+ 37. Qxc6 Nxc6 38. Rc1 Rxh3+ 39. Kg2 Rc3 40. Ra1 Kf7 41. b5 Na5 42. Rf1+ Ke7 43. Nxg7 Nc4 44. Ra1 Ne3+ 45. Kg1 d3 0-1

[Event "Avoine op 18th"]
[Site "Avoine"]
[Date "2003.07.19"]
[Round "1"]
[White "Joubert, Franck"]
[Black "Mihajlovskij, Sergei"]
[Result "1-0"]
[WhiteElo "2125"]
[BlackElo "2411"]
[PlyCount "160"]
[EventDate "2003.07.19"]
[EventType "swiss"]
[EventRounds "9"]
[EventCountry "FRA"]
[SourceTitle "CBM 095 Extra"]
[Source "ChessBase"]
[SourceDate "2003.09.04"]
[SourceVersion "1"]
[SourceVersionDate "2003.09.04"]
[SourceQuality "1"]

1. d4 d6 2. c4 g6 3. Nc3 Bg7 4. Nf3 Bg4 5. e3 Nf6 6. Be2 0-0 7. 0-0 a6 8. h3 Bf5 9. Nd2 e5 10. d5 c5 11. f4 Ne8 12. e4 Bd7 13. f5 b6 14. g4 Ra7 15. Nf3 Rb7 16. a4 Nc7 17. Qe1 f6 18. Qh4 g5 19. Nxg5 fxg5 20. Bxg5 Rf6 21. Qg3 h6 22. Bh4 Bc8 23. Rf2 Ne8 24. Rg2 Bf8 25. g5 hxg5 26. Bxg5 Rg7 27. Qh4 Be7 28. Bh5 Kf8 29. Bxe8 Kxe8 30. Qh8+ Kf7 31. Qh5+ Kg8 32. Bxf6 Bxf6 33. Rxg7+ Bxg7 34. Kh1 Nd7 35. Rg1 Nf6 36. Qg5 Qf8 37. h4 Bd7 38. h5 Kh8 39. Qh4 Be8 40. Ne2 Ng8 41. Qd8 Qe7 42. Qxe7 Nxe7 43. a5 bxa5 44. Ra1 a4 45. Nc3 Ng8 46. Nxa4 Bxa4 47. Rxa4 Nf6 48. Rxa6 Nxe4 49. Kg2 Kh7 50. Kf3 Nd2+ 51. Ke2 Ne4 52. Kd3 Ng3 53. Rxd6 e4+ 54. Kd2 Nxf5 55. Re6 Bh6+ 56. Ke1 e3 57. d6 Bg5 58. d7 Nd4 59. Re8 Bh4+ 60. Kf1 e2+ 61. Rxe2 Nxe2 62. Kxe2 Kh6 63. Kd3 Kxh5 64. Ke4 Kg6 65. Kd5 Kf7 66. Kxc5 Ke7 67. Kc6 Kd8 68. b4 Be1 69. b5 Bf2 70. c5 Be3 71. b6 Bf2 72. Kd6 Bg3+ 73. Ke6 Bf2 74. b7 Bg3 75. c6 Bh2 76. Kd5 Bb8 77. Kc5 Ba7+ 78. Kb5 Kc7 79. Ka6 Bb8 80. d8Q+ Kxd8 1-0

[Event "FRA-chT2W 0203"]
[Site "France"]
[Date "2003.03.16"]
[Round "9"]
[White "Neau, Julien"]
[Black "Joubert, Franck"]
[Result "0-1"]
[WhiteElo "2107"]
[BlackElo "2077"]
[PlyCount "110"]
[EventDate "2002.10.??"]
[EventType "team-tourn"]
[EventRounds "11"]
[EventCountry "FRA"]
[SourceTitle "EXT 2004"]
[Source "ChessBase"]
[SourceDate "2003.11.25"]
[SourceVersion "1"]
[SourceVersionDate "2003.11.25"]
[SourceQuality "1"]
[WhiteTeam "Poitiers Buxerolles"]
[BlackTeam "Evry"]
[WhiteTeamCountry "FRA"]
[BlackTeamCountry "FRA"]

1. d4 d5 2. c4 c6 3. Nf3 Nf6 4. e3 Bf5 5. Nc3 e6 6. Be2 h6 7. Bd3 Bxd3 8. Qxd3 Be7 9. e4 dxe4 10. Nxe4 Nbd7 11. Bf4 Nxe4 12. Qxe4 Qa5+ 13. Bd2 Bb4 14. a3 Bxd2+ 15. Nxd2 Nf6 16. Qe2 Rd8 17. b4 Qf5 18. Nf3 0-0 19. 0-0 Rd7 20. Rfe1 Rfd8 21. Rad1 Rd6 22. Rd3 Nh5 23. g3 Nf6 24. Kg2 e5 25. Nxe5 Rxd4 26. Rf3 Qe6 27. Re3 Qf5 28. Rf3 Qe6 29. Re3 Qf5 30. c5 Rd2 31. Qf3 Qxf3+ 32. Kxf3 Ra2 33. Nc4 Rd4 34. Rc1 Ng4 35. Re2 Nxh2+ 36. Ke3 Ng4+ 37. Kxd4 Rxe2 38. f3 Nf6 39. Nd6 Re7 40. Nc8 Rd7+ 41. Nd6 Ne8 42. Ke5 Kf8 43. Rd1 Nxd6 44. cxd6 Rd8 45. Rd4 Re8+ 46. Kf4 f6 47. d7 Rd8 48. Kf5 Kf7 49. f4 g6+ 50. Ke4 Ke6 51. f5+ gxf5+ 52. Kf4 Rxd7 53. Rxd7 Kxd7 54. Kxf5 Ke7 55. g4 b6 0-1

[Event "FRA-chT2"]
[Site "France"]
[Date "2002.03.??"]
[Round "11.7"]
[White "Georgelin, Thierry"]
[Black "Joubert, Franck"]
[Result "1/2-1/2"]
[WhiteElo "2110"]
[BlackElo "2101"]
[PlyCount "67"]
[EventDate "2002.??.??"]
[EventType "team-tourn"]
[EventRounds "11"]
[EventCountry "FRA"]
[SourceTitle "EXT 2003"]
[Source "ChessBase"]
[SourceDate "2002.11.25"]
[SourceVersion "1"]
[SourceVersionDate "2002.11.25"]
[SourceQuality "1"]

1. e4 e6 2. d4 d5 3. Nd2 Nf6 4. e5 Nfd7 5. Bd3 c5 6. c3 Nc6 7. Ne2 cxd4 8. cxd4 Qb6 9. Nf3 f6 10. exf6 Nxf6 11. 0-0 Bd6 12. Bf4 Bxf4 13. Nxf4 0-0 14. Re1 Re8 15. Qd2 Bd7 16. Re2 Re7 17. Rae1 Rae8 18. Bb1 Bc8 19. h4 Qd8 20. a3 Qd6 21. Ne5 Rf8 22. f3 Nxe5 23. dxe5 Qb6+ 24. Kh1 Nd7 25. Nh3 g6 26. Qg5 Rg7 27. Rc1 Qd4 28. Rec2 Nb6 29. b3 Bd7 30. Rd2 Qa1 31. Ra2 Qd4 32. Rd2 Qa1 33. Ra2 Qd4 34. Rd2 1/2-1/2

[Event "Bethune op 21st"]
[Site "Bethune"]
[Date "2000.??.??"]
[Round "7"]
[White "Hareux, Hubert"]
[Black "Joubert, Franck"]
[Result "1-0"]
[WhiteElo "2240"]
[BlackElo "2100"]
[PlyCount "109"]
[EventDate "2000.12.26"]
[EventType "swiss"]
[EventRounds "7"]
[EventCountry "FRA"]
[SourceTitle "EXT 2003"]
[Source "ChessBase"]
[SourceDate "2002.11.25"]
[SourceVersion "1"]
[SourceVersionDate "2002.11.25"]
[SourceQuality "1"]

1. d4 d5 2. c4 c6 3. Nf3 Nf6 4. Nc3 dxc4 5. a4 Bf5 6. e3 e6 7. Bxc4 Bb4 8. 0-0 0-0 9. Qe2 Bg6 10. Rd1 Qa5 11. Bd2 Nbd7 12. Na2 Bxd2 13. Qxd2 Qxd2 14. Rxd2 Rfd8 15. Nc3 Rac8 16. Rad1 Ne4 17. Nxe4 Bxe4 18. Be2 Bxf3 19. Bxf3 Nb6 20. a5 Nc4 21. Rc2 Nd6 22. a6 bxa6 23. Rdc1 a5 24. Rxc6 Rxc6 25. Rxc6 Rc8 26. Rxc8+ Nxc8 27. Kf1 Kf8 28. Ke2 Ke7 29. Kd3 Nb6 30. e4 f6 31. e5 f5 32. Bc6 g5 33. g3 Kf7 34. f4 g4 35. d5 exd5 36. Kd4 Ke6 37. Kc5 a4 38. Kd4 Nc8 39. Bxd5+ Kd7 40. Kc5 Ne7 41. Bc4 Nc8 42. Bb5+ Kc7 43. Bxa4 Ne7 44. Be8 Kd8 45. Bb5 Kc7 46. e6 Nc8 47. Kd5 Kd8 48. Ke5 Ke7 49. Bd3 Nd6 50. b3 a5 51. Bxf5 Nb7 52. Kd5 h5 53. Bg6 Nd6 54. Ke5 Nb7 55. f5 1-0

[Event "Bethune op 21st"]
[Site "Bethune"]
[Date "2000.??.??"]
[Round "6"]
[White "Joubert, Franck"]
[Black "Jossien, Arnaud"]
[Result "1-0"]
[WhiteElo "2100"]
[BlackElo "2300"]
[PlyCount "117"]
[EventDate "2000.12.26"]
[EventType "swiss"]
[EventRounds "7"]
[EventCountry "FRA"]
[SourceTitle "EXT 2003"]
[Source "ChessBase"]
[SourceDate "2002.11.25"]
[SourceVersion "1"]
[SourceVersionDate "2002.11.25"]
[SourceQuality "1"]

1. Nf3 d6 2. g3 e5 3. d3 g6 4. Bg2 Bg7 5. Nbd2 f5 6. e4 Nf6 7. 0-0 0-0 8. c3 Nc6 9. Re1 Kh8 10. Nf1 Be6 11. Ng5 Bg8 12. exf5 gxf5 13. f4 h6 14. Nf3 e4 15. Nh4 Bh7 16. Ne3 Ne7 17. Bh3 Nfg8 18. Qh5 Qe8 19. Qxe8 Raxe8 20. d4 c5 21. dxc5 dxc5 22. Bd2 Rd8 23. Rad1 h5 24. Bc1 Nh6 25. Bf1 Bg8 26. a3 Bb3 27. Rxd8 Rxd8 28. Be2 Bf7 29. Kf1 Bf6 30. Nhg2 Nc6 31. Rd1 Rxd1+ 32. Nxd1 a6 33. Be3 c4 34. Bb6 Nb8 35. Nge3 Nd7 36. Bc7 b5 37. Bd6 Kg7 38. h4 Bd8 39. a4 Kf6 40. axb5 axb5 41. Bb4 Bb6 42. Nc2 Nc5 43. Nd4 Be8 44. Ne3 Na4 45. Nd5+ Kg7 46. Ne6+ Kg8 47. Nxb6 Nxb6 48. Nc7 Bd7 49. Bxh5 Nf7 50. Bd1 Nd8 51. Ba5 Na4 52. Bxa4 bxa4 53. Nd5 Nb7 54. Nf6+ Kg7 55. Nxd7 Nxa5 56. Nb6 Kg6 57. Nxa4 Kh5 58. Nb6 Kg4 59. Kg2 1-0

[Event "Bethune op 21st"]
[Site "Bethune"]
[Date "2000.??.??"]
[Round "4"]
[White "Joubert, Franck"]
[Black "Lepretre, Stephane"]
[Result "1-0"]
[WhiteElo "2100"]
[BlackElo "1690"]
[PlyCount "85"]
[EventDate "2000.12.26"]
[EventType "swiss"]
[EventRounds "7"]
[EventCountry "FRA"]
[SourceTitle "EXT 2003"]
[Source "ChessBase"]
[SourceDate "2002.11.25"]
[SourceVersion "1"]
[SourceVersionDate "2002.11.25"]
[SourceQuality "1"]

1. e4 c5 2. Nc3 Nc6 3. f4 d6 4. Nf3 Nf6 5. Bc4 e6 6. 0-0 Be7 7. d3 0-0 8. Qe1 a6 9. a3 b5 10. Ba2 Qc7 11. h3 Bb7 12. Be3 Rfe8 13. Ne2 Rac8 14. Ng3 Bf8 15. f5 d5 16. fxe6 fxe6 17. exd5 exd5 18. Qf2 Rxe3 19. Qxe3 Qxg3 20. Qe6+ Kh8 21. Qf7 Qc7 22. Qxc7 Rxc7 23. Ng5 Nd4 24. c3 Ne2+ 25. Kf2 Nf4 26. Kg1 Bd6 27. Rae1 h6 28. Ne6 Nxe6 29. Rxe6 Bg3 30. Rf3 Bh4 31. d4 cxd4 32. Bb1 Rc8 33. cxd4 Rc1+ 34. Rf1 Rxf1+ 35. Kxf1 Kg8 36. Rb6 Ne4 37. Bxe4 dxe4 38. Rxb7 Bf6 39. d5 Bxb2 40. a4 Be5 41. axb5 axb5 42. Rxb5 Bh2 43. Rb1 1-0